00426nam a2200193Ia 4500003000900000008004100009040001300050040001300063041000800076100002000084245004500104250000900149260002100158260000900179300001100188300001000199490001600209490000700225IT-RoPAU120407s9999 xx 000 0 und d aIT-RoPAU cIT-RoPAU aita aLorenzo Peirone aIl fondatore del Santuario di Fontanelle aBari aEdizioni Paoline c1963 a149 p. c17 cm aGens sancta v23